LEADER 01754nam 2200373z 450 001 9910346935503321 005 20230425155957.0 010 $a1000007536 035 $a(CKB)4920000000101167 035 $a(oapen)https://directory.doabooks.org/handle/20.500.12854/57292 035 $a(oapen)doab57292 035 $a(EXLCZ)994920000000101167 100 $a20202102d2008 uy 0 101 0 $ager 135 $aurmn|---annan 181 $ctxt$2rdacontent 182 $cc$2rdamedia 183 $acr$2rdacarrier 200 10$aProzesstechnische Optimierung des Molecular Farming glykosylierter Proteine in Photo-Bioreaktoren mit dem Moos Physcomitrella patens 210 $cKIT Scientific Publishing$d2008 215 $a1 electronic resource (148 p.) 311 08$a3-86644-216-5 330 $aMoose sind in den letzten Jahren als interessante Expressionsplattform für rekombinante Proteine entdeckt worden. In dieser Arbeit wird ein Ansatz zur Produktion komplexer Glycoproteine mit dem Moos Physcomitrella patens in Photo-Bioreaktoren entwickelt und überprüft. Langfristige kontinuierliche Kultivierungen mit Perfusion sowie mit Steuerung der Moosmorphologie zeichnen sich als ein einfach skalierbares, vielversprechendes neues Verfahren für Molecular Farming ab. 606 $aBiotechnology$2bicssc 610 $aMoos 610 $aPhoto-Bioreaktor 610 $aPhyscomitrella patens 610 $aMolecular Farming 615 7$aBiotechnology 700 $aLucumi Hernandez$b Saulo Alexander$4auth$01327856 906 $aBOOK 912 $a9910346935503321 996 $aProzesstechnische Optimierung des Molecular Farming glykosylierter Proteine in Photo-Bioreaktoren mit dem Moos Physcomitrella patens$93038185 997 $aUNINA